Normal view
MARC view
- Valuation Consulting Limited
Entry Corporate Name
001 - CONTROL NUMBER
- control field: 4931
003 - CONTROL NUMBER IDENTIFIER
- control field: SIRSI
005 - DATE AND TIME OF LATEST TRANSACTION
- control field: 20190806150239.0
008 - FIXED-LENGTH DATA ELEMENTS
- fixed length control field: 060601n| aaannaabn |n ana d
040 ## - CATALOGING SOURCE
- Original cataloging agency: OSt
- Transcribing agency: OSt
110 2# - HEADING--CORPORATE NAME
- Corporate name or jurisdiction name as entry element: Valuation Consulting Limited
670 ## - SOURCE DATA FOUND
- Source citation: Valuation of intangible assets, 2006